[Event "CHI-chT"]
[Site "Chile"]
[Date "2023.11.09"]
[Round "5.1"]
[White "Reyes Toledo, Ignacio"]
[Black "Avalos Herrera, Ian"]
[Result "0-1"]
[WhiteElo "1141"]
[BlackElo "1651"]
[PlyCount "82"]
[EventDate "2023.11.07"]
[EventType "team-tourn"]
[EventRounds "7"]
[EventCountry "CHI"]
[SourceTitle "CB46_2023"]
[SourceDate "2023.11.15"]
[SourceVersion "1"]
[SourceVersionDate "2023.11.15"]
[SourceQuality "1"]
[WhiteTeam "PUCV"]
[BlackTeam "USM (V)"]
[WhiteTeamCountry "CHI"]
[BlackTeamCountry "CHI"]

1. c4 e5 2. Nc3 Bb4 3. Nd5 Be7 4. Nxe7 Qxe7 5. d3 Nf6 6. g3 0-0 7. Bg2 c6 8. Nf3 e4 9. dxe4 Qxe4 10. b3 Re8 11. e3 d5 12. 0-0 dxc4 13. Nd2 Qe5 14. Ba3 Bg4 15. Qc2 Qh5 16. Nxc4 Bh3 17. f3 b5 18. Nd2 Nd5 19. Rae1 Bxg2 20. Kxg2 Nxe3+ 21. Kh1 Nd7 22. Rxe3 Rxe3 23. Qxc6 Nb6 24. Rf2 Qh3 25. Kg1 Re1+ 26. Rf1 Re2 27. Rf2 Rxf2 28. Kxf2 Qxh2+ 29. Ke3 Qg1+ 30. Kf4 Qd4+ 31. Ne4 h6 32. Bc5 g5+ 33. Kf5 Qd7+ 34. Qxd7 Nxd7 35. Bd4 a5 36. a3 a4 37. b4 Ra6 38. Nc5 Nxc5 39. Bxc5 Re6 40. Kg4 Kg7 41. Kf5 Re2 0-1